|
|
|
|
| LEADER |
00000nam a22000007a 4500 |
| 005 |
20170827220345.0 |
| 007 |
cr|||| |||| |
| 008 |
170827s2014 mx |||||s||||f00||0 spa d |
| 020 |
|
|
|a 978-607-9423-57-5
|
| 035 |
|
|
|a 20448
|
| 040 |
|
|
|a vLex
|
| 090 |
|
|
|c 6854
|d 6854
|
| 100 |
1 |
|
|a Mata Garca̕, Bernardino
|
| 245 |
1 |
0 |
|a Palma de aceite en Mx̌ico
|h [Recurso electrn̤ico] :
|b Polt̕ica gubernamental e innovacin̤ tecnolg̤ica /
|c Bernardino Mata Garca̕
|
| 256 |
|
|
|a Servicio en ln̕ea
|
| 260 |
|
|
|a Ciudad de Mx̌ico:
|b Cm̀ara de Diputados,
|c 2014
|
| 300 |
|
|
|a 1 recurso electrn̤ico
|
| 500 |
|
|
|a El creciente df̌icit de productos oleaginosos que afronta Mx̌ico impone al pas̕ la necesidad de importar millones de toneladas de aceite vegetal al aǫ para el consumo alimenticio y la industria, con la consecuente fuga de divisas, situacin̤ por la cual se han puesto en marcha polt̕icas estatales de fomento e innovacin̤ tecnolg̤ica para el cultivo de palma de aceite. Estudios e investigaciones de los l︢timos tres aǫs con pequeǫs y medianos productores, particularmente en los estados de Veracruz, Tabasco y Chiapas, muestran la posibilidad de trabajar hacia la promocin̤ y el fomento de una cultura agrc̕ola innovadora que contribuya al establecimiento de la palmicultura sustentable, que implica generar una polt̕ica pb︢lica orientada a dar preferencia y prioridad al aprovechamiento del aceite de palma como comestible. Esta obra pretende contribuir en el props̤ito de fomentar este cultivo prometedor para la agricultura del sureste de Mx̌ico.
|
| 506 |
1 |
|
|a Disponible solo en los productos indicados
|d vLex Global
|d vLex Global (Academic Edition, excluding Law Schools)
|d vLex Global (U.S. Academic Edition, Law Schools)
|d vLex Global (U.S. Academic Edition, excluding Law Schools)
|d vLex Global (Academic Edition, Law Schools)
|
| 650 |
0 |
4 |
|a Derecho Mercantil y de la Empresa
|z Mx̌ico
|
| 650 |
0 |
4 |
|a Derecho Pb︢lico y Administrativo
|z Mx̌ico
|
| 740 |
0 |
|
|a vLex Libros (Servicio en ln̕ea)
|
| 856 |
4 |
0 |
|u http://vlex.com/source/palma-de-aceite-en-mexico-politica-gubernamental-e-innovacion-tecnologica-20448
|z Acceso restringido
|
| 942 |
|
|
|c BOOK
|
| 999 |
0 |
|
|a Commercial and Company Law
|
| 999 |
0 |
|
|a Public and Administrative Law
|